AFL every teams best 2025 players - Statistics

General Stats
  • This quiz has been taken 529 times
  • The average score is 31 of 54
Answer Stats
Team Player % Correct
Collingwood Nick Daicos
90%
Carlton Patrick Cripps
90%
Adelaide Jordan Dawson
88%
Brisbane Lachie Neale
88%
Carlton Charlie Curnow
78%
Melbourne Max Gawn
77%
GWS Tom Green
76%
Essendon Zach Merrett
76%
Western Bulldogs Marcus Bontempelli
75%
Adelaide Izak Rankine
74%
Fremantle Caleb Serong
73%
Melbourne Christian Petracca
72%
Port Adelaide Zak Butters
71%
Geelong Bailey Smith
70%
Port Adelaide Connor Rozee
70%
Carlton Sam Walsh
70%
North Melbourne Harry Sheezel
68%
Sydney Isaac Heeny
68%
Fremantle Andrew Brayshaw
67%
Gold Coast Matt Rowell
67%
GWS Toby Greene
67%
Gold Coast Noah Anderson
66%
Geelong Patrick Dangerfield
66%
Sydney Chad Warner
62%
Hawthorn Dylan Moore
61%
Adelaide Riley Thilthorpe
61%
Gold Coast Touk Miller
60%
Brisbane Josh Dunkley
59%
GWS Jesse Hogan
58%
Hawthorn Will Day
57%
Sydney Errol Gulden
56%
Brsibane Dayne Zorko
54%
Richmond Tim Taranto
54%
Hawthorn James Sicily
52%
St Kilda Jack SInclair
51%
North Melbourne Luke Davies-Uniacke
51%
North Melbourne Tristian Xerri
48%
Port Adelaide Jason Horne-Francis
47%
Melbourne Steven May
47%
Western Bulldogs Tom Liberatore
46%
Geelong Tom Stewart
46%
Essendon Nic Martin
45%
Richmond Tom Lynch
44%
Collingwood Jorden De Goey
40%
St Kilda Rowan Marshall
38%
Richmond Jacob Hopper
37%
West Coast Jeremy McGovern
36%
Western Bulldogs Adam Treloar
35%
West Coast Jake Waterman
35%
Collingwood Dan Houston
34%
Fremantle Shai Bolton
34%
St Kilda Jack Macrae
31%
West Coast Elliot Yeo
26%
Essendon Kyle Langford
26%
No matching quizzes found
Score Distribution
Percent of People with Each Score
Percentile by Number Answered
Your Score History
You have not taken this quiz